| 000 | 00372nam a2200145Ia 4500 | ||
|---|---|---|---|
| 008 | 150201s1998 xx 000 0 und d | ||
| 082 |
_a610 _bM1998B |
||
| 100 | _aBHADUAJ,SAMARJIT | ||
| 245 | _aMCQS IN RADIOLOGY | ||
| 250 | _a1ST | ||
| 260 |
_bADITYA MEDICAL BOOKS & DISTRIBUTORS _aLUCKNOW (INDIA) _c1998 |
||
| 300 | _a1-196 | ||
| 650 | _aORAL MEDICINE | ||
| 942 |
_2ddc _cBK |
||
| 999 |
_c3089 _d3089 |
||